<?xml version="1.0" encoding="UTF-8"?><?xml-stylesheet type="text/xsl" href="static/style.xsl"?><OAI-PMH xmlns="http://www.openarchives.org/OAI/2.0/" xmlns:xsi="http://www.w3.org/2001/XMLSchema-instance" xsi:schemaLocation="http://www.openarchives.org/OAI/2.0/ http://www.openarchives.org/OAI/2.0/OAI-PMH.xsd"><responseDate>2026-05-15T12:28:17Z</responseDate><request verb="GetRecord" identifier="oai:riubu.ubu.es:10259/11628" metadataPrefix="marc">https://riubu.ubu.es/oai/request</request><GetRecord><record><header><identifier>oai:riubu.ubu.es:10259/11628</identifier><datestamp>2026-05-15T00:05:38Z</datestamp><setSpec>com_10259_8005</setSpec><setSpec>com_10259_5086</setSpec><setSpec>com_10259_2604</setSpec><setSpec>col_10259_8006</setSpec></header><metadata><record xmlns="http://www.loc.gov/MARC21/slim" xmlns:doc="http://www.lyncode.com/xoai" xmlns:xsi="http://www.w3.org/2001/XMLSchema-instance" xmlns:dcterms="http://purl.org/dc/terms/" xsi:schemaLocation="http://www.loc.gov/MARC21/slim http://www.loc.gov/standards/marcxml/schema/MARC21slim.xsd">
<leader>00925njm 22002777a 4500</leader>
<datafield tag="042" ind1=" " ind2=" ">
<subfield code="a">dc</subfield>
</datafield>
<datafield tag="720" ind1=" " ind2=" ">
<subfield code="a">Antón Merino, Javier</subfield>
<subfield code="e">author</subfield>
</datafield>
<datafield tag="260" ind1=" " ind2=" ">
<subfield code="c">2026-04</subfield>
</datafield>
<datafield tag="520" ind1=" " ind2=" ">
<subfield code="a">In recent years, comparative studies between Scotland and Catalonia have grown substantially, especially those dealing with theterritorial embeddedness of these territories in the United Kingdom and Spain. Despite this, comparative research on the inte-gration of Catalans and Scots in the decision-making of central state institutions is underdeveloped. In this article, based on a setof comparative indicators applied to these two case studies, we will carry out an investigation that allows us to observe the levelof inclusion of Catalonia and Scotland in the main political positions of the central government of the State, as well as in otherstate political institutions of singular importance. To this end, we will analyse quantitatively and qualitatively the participationof Catalans and Scots in the head of government, ministerial portfolios, parliamentary presiding officers and general secretariesof the main state-level parties.</subfield>
</datafield>
<datafield tag="024" ind2=" " ind1="8">
<subfield code="a">1354-5078</subfield>
</datafield>
<datafield tag="024" ind2=" " ind1="8">
<subfield code="a">https://hdl.handle.net/10259/11628</subfield>
</datafield>
<datafield tag="024" ind2=" " ind1="8">
<subfield code="a">10.1111/nana.13108</subfield>
</datafield>
<datafield tag="024" ind2=" " ind1="8">
<subfield code="a">1469-8129</subfield>
</datafield>
<datafield ind1=" " ind2=" " tag="653">
<subfield code="a">Catalonia</subfield>
</datafield>
<datafield ind1=" " ind2=" " tag="653">
<subfield code="a">Consociationalism</subfield>
</datafield>
<datafield ind1=" " ind2=" " tag="653">
<subfield code="a">Scotland/Scottish</subfield>
</datafield>
<datafield ind1=" " ind2=" " tag="653">
<subfield code="a">Stateless nations</subfield>
</datafield>
<datafield ind1=" " ind2=" " tag="653">
<subfield code="a">Territorial representation</subfield>
</datafield>
<datafield tag="245" ind1="0" ind2="0">
<subfield code="a">Journey to the Centre of the State: Catalans in Madrid and Scots in London</subfield>
</datafield>
</record></metadata></record></GetRecord></OAI-PMH>